| 000 | 01700nam a2200433 i 4500 | ||
|---|---|---|---|
| 001 | 99344 | ||
| 003 | FlNmELB | ||
| 005 | 20241217172830.0 | ||
| 006 | m o d | | ||
| 007 | cr cnu|||||||| | ||
| 008 | 141005s2007 cu o 000 0 spa d | ||
| 020 | _a9789591605825 (e book) | ||
| 035 | _a(MiAaPQ)EBC3175254 | ||
| 035 | _a(Au-PeEL)EBL3175254 | ||
| 035 | _a(CaPaEBR)ebr10203020 | ||
| 035 | _a(OCoLC)928705091 | ||
| 040 |
_aFINmELB _bspa _erda _cFINmELB |
||
| 050 | 4 |
_aTX531 _bM285 2007 |
|
| 080 | _a664 | ||
| 082 | 0 |
_a664 _223 |
|
| 100 | 1 | _aManresa González, Ada. | |
| 245 | 1 | 3 |
_aEl color en la industria de los alimentos / _cAda Manresa González, Ileana Vicente ; edición Raul G. Torricella Morales ; corrección Luz María Rodríguez Cabral. |
| 264 | 1 |
_aLa Habana : _bEditorial Universitaria, _c2007. |
|
| 300 | _a1 recurso en línea (iv, 64 páginas) | ||
| 336 |
_atexto _btxt _2rdacontent/spa |
||
| 337 |
_acomputadora _bc _2rdamedia/spa |
||
| 338 |
_arecurso en línea _bcr _2rdacarrier/spa |
||
| 588 | _aDescripción basada en recurso en línea; Título de la página del título en PDF (e-libro, visto october 5, 2014). | ||
| 590 | _aRecurso electrónico. Santa Fe, Arg.: e-libro, 2015. Disponible vía World Wide Web. El acceso puede estar limitado para las bibliotecas afiliadas a e-libro. | ||
| 650 | 0 |
_aFood _xComposition. |
|
| 650 | 0 | _aColor. | |
| 650 | 4 | _aAlimento. | |
| 655 | 4 | _aLibros electrónicos. | |
| 700 | 1 |
_aVicente, Ileana, _eautor. |
|
| 700 | 1 |
_aTorricella Morales, Raul G, _eeditor. |
|
| 700 | 1 |
_aRodríguez Cabral, Luz María, _ecorrección. |
|
| 797 | 2 | _ae-libro, Corp. | |
| 856 | 4 | 0 | _uhttps://elibro.net/ereader/politecnicointernacional/71343 |
| 999 |
_c99344 _d99344 |
||